MARC

LEADER 00000nas a2200000 a 4500
001 ssj0023303
003 WaSeSS
005 20200512172242.0
006 m d
007 cr n
008 981001c19989999idufr pss s0 a0eng c
010 |a sn 98004834  
016 7 |a 9807555  |2 DNLM 
016 7 |a 011123575  |2 Uk 
022 |a 1522-0222  |l 1522-0222 
035 |a (WaSeSS)ssj0023303 
040 |a NSD  |b eng  |c NSD  |d WAU  |d CUS  |d NSD  |d OCLCQ  |d CGU  |d OCLCQ  |d NLM  |d OCLCQ  |d DLC  |d OCLCQ  |d UKMGB  |d OCLCQ  |d OCLCO  |d OCLCQ  |d OCLCF  |d OCLCO  |d OCLCQ  |d WaSeSS 
042 |a pcc  |a nsdp 
050 0 0 |a Z671 
082 1 0 |a 025  |2 13 
210 0 |a Libr. philos. pract. 
222 0 |a Library philosophy and practice 
245 0 0 |a Library philosophy and practice  |h [electronic resource]. 
246 1 3 |a LPP 
260 |a Moscow, ID :  |b University of Idaho Library,  |c [1998]- 
310 |a Semiannual 
362 0 |a Vol. 1, no. 1 (fall 1998)- 
500 |a Title from journal home page (viewed Sept. 7, 1999). 
506 |a License restrictions may limit access. 
538 |a Mode of access: World Wide Web. 
588 |a Latest issue consulted: Vol. 7, no. 2 (spring 2005). 
650 0 |a Library science  |v Periodicals. 
650 0 |a Library research  |v Periodicals. 
650 0 |a Information retrieval  |v Periodicals. 
650 0 |a Information services  |v Periodicals. 
650 0 |a Electronic information resource literacy  |v Periodicals. 
650 7 |a Electronic information resource literacy.  |2 fast  |0 (OCoLC)fst00907290 
650 7 |a Information retrieval.  |2 fast  |0 (OCoLC)fst00972619 
650 7 |a Information services.  |2 fast  |0 (OCoLC)fst00972696 
650 7 |a Library research.  |2 fast  |0 (OCoLC)fst00997891 
650 7 |a Library science.  |2 fast  |0 (OCoLC)fst00997916 
655 0 |a Electronic journals. 
710 2 |a University of Idaho.  |b Library. 
850 |a DLC 
856 4 0 |z Full text available from Research Library: 01/01/2009 to present  |u https://search.proquest.com/publication/54903